LEADER 01105nam a2200241 i 4500 001 000000172165 003 CaOOAMICUS 005 20080529000000.0 008 080529s1965 it u000 u ita u 013 $a149604 040 $aSeMil$bita 100 1 $aSmollet, Tobias George,$d<1721-1771>.$0(OLS)http://semarc/name/36759 245 13$aLe avventure di Roderick Random /$cTobias Smollett ; A cura di Decio Pettoello. 246 03$iTitolo originale:$aThe Adventures of Roderick Random 260 $aTorino :$bUnione Tipografico-Editrice Torinese,$cstampa 1965. 300 $a627 p., [1] p. di ritratto ;$c19 cm. 500 $aContiene : Bibliografia. 700 1 $aPettoello, Decio,$d<1886-1984>.$0(OLS)http://semarc/name/8835 850 $aSeMil 852 $aSeMil$W1$xVenegono$y1$m1W III 108$j123027$B123027$CSeMilBibl$Z2$F134310 $81 996 $6245$aLe avventure di Roderick Random$9(OLS)http://semarc/title/246480 996 $6246$aThe Adventures of Roderick Random$9(OLS)http://semarc/title/246481 996 $6260$aTorino :$bUnione Tipografico-Editrice Torinese$9(OLS)http://semarc/publisher/29628 LEADER 01914nam a2200265 i 4500 001 000000028122 003 CaOOAMICUS 005 20240308093534.0 008 180830s16421643it u000 u lat u 040 $aSeMil$bita 110 2 $aChiesa Cattolica : Tribunale della Rota Romana.$0(OLS)http://semarc/name/1879 245 10$aSacrae Rotae Romanae Decisionum nouissimarum maximè ab anno 1626. vsquè ad annum 1630. Tomus 1. [-3.] a Paulo Rubeo ... selectarum, & nusquàm aliàs impressarum. Et in hac postrema editione Romana, denuò ad singulas ferè decisiones adiectae fuerunt illae, quae in eadem causa prodierunt ... Cum argumentis, summarijs, & indicibus locupletissimis .. 264 1$aRomae :$bTypis Vaticanis,$c1642-1643. 300 $a3 v. ;$cfol. 500 $aNel titolo i numeri 1626 e 1630 sono espressi: MDCXXVI e MDCXXX 500 $aIniziali e fregi xilogr. 500 $aFront. stampati in rosso e nero 700 1 $aRossi, Paolo,$d.$0(OLS)http://semarc/name/6508 710 2 $aStamperia Vaticana$c.$0(OLS)http://semarc/name/12841 774 0 $tTomus 1.$g1$w()53457 774 0 $tTomus 1. Pars 2.$g1$w()218991 774 0 $tSacrae Rotae Romanae decisionum tomus tertius partis quartae recentiorum ab anno 1624 vsque ad annum 1626 nunc primum in lumine publico positarum, ... a Paulo Rubeo I.C. Romano selectarum, nec vmquam alias impressarum ..$g3$w()53467 996 $6245$aSacrae Rotae Romanae Decisionum nouissimarum maximè ab anno 1626. vsquè ad annum 1630. Tomus 1. [-3.] a Paulo Rubeo ... selectarum, & nusquàm aliàs impressarum. Et in hac postrema editione Romana, denuò ad singulas ferè decisiones adiectae fuerunt illae, quae in eadem causa prodierunt ... Cum argumentis, summarijs, & indicibus locupletissimis ..$9(OLS)http://semarc/title/38146 996 $6264$aRomae :$bTypis Vaticanis$9(OLS)http://semarc/publisher/32160